| 000 -LEADER |
| fixed length control field |
00749nam a22002177a 4500 |
| 005 - DATE AND TIME OF LATEST TRANSACTION |
| control field |
20260130105856.0 |
| 008 - FIXED-LENGTH DATA ELEMENTS--GENERAL INFORMATION |
| fixed length control field |
260130b ||||| |||| 00| 0 eng d |
| 020 ## - INTERNATIONAL STANDARD BOOK NUMBER |
| International Standard Book Number |
9781841215655 |
| 040 ## - CATALOGING SOURCE |
| Transcribing agency |
KH8 |
| 082 ## - DEWEY DECIMAL CLASSIFICATION NUMBER |
| Classification number |
823.92 |
| 100 ## - MAIN ENTRY--PERSONAL NAME |
| Personal name |
Andreae,Giles |
| Relator term |
Author |
| 245 ## - TITLE STATEMENT |
| Title |
Giraffes Can't Dance |
| 260 ## - PUBLICATION, DISTRIBUTION, ETC. |
| Place of publication, distribution, etc. |
Carmelite House, 50 Victoria Embankment,London EC4Y 0DZ |
| Name of publisher, distributor, etc. |
Orchard Books |
| Date of publication, distribution, etc. |
2014 |
| 300 ## - PHYSICAL DESCRIPTION |
| Extent |
32 pages |
| Other physical details |
colour illustration |
| Dimensions |
24 cm x 29 cm |
| 520 ## - SUMMARY, ETC. |
| Summary, etc. |
Gerald the giraffe is too clumsy to dance with all the other animals at the Jungle Dance, until he finds the right music.-Library Thing- |
| 650 ## - SUBJECT ADDED ENTRY--TOPICAL TERM |
| Topical term or geographic name entry element |
Juvenile Literature |
| Form subdivision |
Giraffe |
| 655 ## - INDEX TERM--GENRE/FORM |
| Genre/form data or focus term |
Fable |
| 655 ## - INDEX TERM--GENRE/FORM |
| Genre/form data or focus term |
Moral |
| 700 ## - ADDED ENTRY--PERSONAL NAME |
| Personal name |
Rees-Parker,Guy |
| Relator term |
iLLUSTRATOR |
| 942 ## - ADDED ENTRY ELEMENTS (KOHA) |
| Source of classification or shelving scheme |
|
| Koha item type |
Books - Fiction |